Library Logo

Pioneer International University Library Catalogue

THE COMMANDING HEIGHTS: (Record no. 9973)

MARC details
000 -LEADER
fixed length control field 00614nam a22001697a 4500
003 - CONTROL NUMBER IDENTIFIER
control field OSt
005 - DATE AND TIME OF LATEST TRANSACTION
control field 20260312104240.0
008 - FIXED-LENGTH DATA ELEMENTS--GENERAL INFORMATION
fixed length control field 260312b |||||||| |||| 00| 0 eng d
020 ## - INTERNATIONAL STANDARD BOOK NUMBER
International Standard Book Number 0684829754
040 ## - CATALOGING SOURCE
Transcribing agency SIMON & SCHUSTER
050 ## - LIBRARY OF CONGRESS CALL NUMBER
Classification number HD 87 .Y47 1998
Item number .Y47 1998
245 ## - TITLE STATEMENT
Title THE COMMANDING HEIGHTS:
Remainder of title The battle between government and the marketplace that is remarking the modern world/
Statement of responsibility, etc. Yergin Daniel.
250 ## - EDITION STATEMENT
Edition statement 1st edition
260 ## - PUBLICATION, DISTRIBUTION, ETC.
Place of publication, distribution, etc. New York,
Name of publisher, distributor, etc. SIMON & SCHUSTER :
Date of publication, distribution, etc. 1998
300 ## - PHYSICAL DESCRIPTION
Extent 457 pages,
Other physical details hardcover, includes bibliographic references and index,
Dimensions ill . : col,
942 ## - ADDED ENTRY ELEMENTS (KOHA)
Source of classification or shelving scheme Library of Congress Classification
Koha item type Books
Edition 1st ed.
Suppress in OPAC No
Holdings
Withdrawn status Lost status Source of classification or shelving scheme Damaged status Not for loan Home library Current library Date acquired Total checkouts Full call number Barcode Date last seen Price effective from Koha item type
    Library of Congress Classification     PIU Library Main Library 03/12/2026   HD 87 .Y47 1998 PIUDLMUR952 03/12/2026 03/12/2026 Books